[Event "Liga CS Zapad 2017"]
[Site "?"]
[Date "2017.10.13"]
[Round "7.1"]
[White "Miljkovic, Miroslav M"]
[Black "Maslak, Esad"]
[Result "1-0"]
[WhiteElo "2157"]
[BlackElo "2138"]
[PlyCount "86"]
[EventDate "2017.09.03"]

1. d4 Nf6 2. c4 e6 3. Nf3 d5 4. Nc3 Be7 5. Bg5 O-O 6. Qc2 c6 7. e3 Nbd7 8. Rd1
Re8 9. Bd3 Nf8 10. O-O Nh5 11. Bxe7 Rxe7 12. e4 Nf4 13. Rfe1 Nxd3 14. Qxd3 dxc4
15. Qxc4 Rc7 16. Rc1 Bd7 17. Nb5 Rcc8 18. Nd6 Rc7 19. e5 Qe7 20. b4 Be8 21. Re3
Rd8 22. Nd2 f6 23. N2e4 fxe5 24. dxe5 b6 25. f4 Kh8 26. Rh3 Bg6 27. Ng5 h6 28.
g4 Rxd6 29. exd6 Qxd6 30. Nf3 Bd3 31. Qd4 Qxd4+ 32. Nxd4 Be4 33. Re3 Bd5 34.
Rec3 Rf7 35. Rf1 Rc7 36. a4 Kh7 37. f5 e5 38. Nc2 Nd7 39. Ne3 Nf6 40. Nxd5 Nxd5
41. Rd3 (41. Rb3 e4 42. Rd1 Nf6 43. h3 c5 44. Rc3 c4 45. Kf2 a5 46. bxa5 bxa5
47. Rd4 Rb7 48. Rdxc4 Rb2+ 49. Rc2 Rb3 50. Kg2 Ra3 51. Rd4 Rd3 52. Rxd3 exd3
53. Rd2 Nd5 54. Kf3 Nc3 55. Rxd3 Nxa4 56. Ra3 Nb6 57. Rxa5 Nc4 58. Ra2 Kg8 59.
h4 Ne5+ 60. Kf4 Nd3+ 61. Ke4) 41... e4 42. Rdd1 Nf6 43. h3 c5 1-0

[Event "Liga CS Zapad 2017"]
[Site "?"]
[Date "2017.10.13"]
[Round "7.1"]
[White "Filipovic, Zoran"]
[Black "Brkic, Toma"]
[Result "1-0"]
[WhiteElo "2013"]
[BlackElo "2065"]
[PlyCount "105"]
[EventDate "2017.09.03"]

1. d4 d5 2. c4 e6 3. Nf3 Nf6 4. Nc3 c6 5. e3 Bd6 6. Bd3 dxc4 7. Bxc4 b5 8. Bd3
Bb7 9. e4 Be7 10. O-O O-O 11. h3 h6 12. Qe2 Re8 13. Rd1 Nbd7 14. Be3 a6 15.
Rac1 Qb8 16. e5 Nd5 17. Nd2 Nxe3 18. fxe3 c5 19. Nce4 cxd4 20. exd4 Qa7 21. Nf3
Qb6 22. Kh2 Rac8 23. Bb1 Rc7 24. Qd3 Nf8 25. a3 Rec8 26. Rxc7 Qxc7 27. b4 Qc4
28. Nc5 Qxd3 29. Bxd3 Rc7 30. Kg3 Bc8 31. Kf2 Nd7 32. Bc2 Kf8 33. Nd2 Bxc5 34.
bxc5 Bb7 35. Be4 Bc8 36. Ke3 f6 37. Rf1 Ke7 38. exf6+ gxf6 39. Nb3 e5 40. Rc1
exd4+ 41. Kxd4 Ne5 42. c6 Be6 43. Na5 Kd6 44. g4 Bc4 45. Rc2 Rf7 46. Rf2 Kc7
47. Kc5 Rf8 48. Rd2 h5 49. Bf5 hxg4 50. hxg4 Rf7 51. Rh2 Re7 52. Rh6 Be2 53.
Rh8 1-0

[Event "Liga CS Zapad 2017"]
[Site "?"]
[Date "2017.10.13"]
[Round "7.1"]
[White "Popovic, Misa"]
[Black "Bukumirovic, Dragomir"]
[Result "1/2-1/2"]
[WhiteElo "2118"]
[BlackElo "2071"]
[PlyCount "47"]
[EventDate "2017.09.03"]

1. e4 d5 2. exd5 Qxd5 3. Nc3 Qd6 4. g3 c6 5. Bg2 Nf6 6. h3 Bf5 7. Nge2 e6 8. d4
Be7 9. g4 Bg6 10. Nf4 Nd5 11. Nxg6 hxg6 12. Ne4 Qd8 13. a3 b5 14. Qd3 Nd7 15.
b3 Rc8 16. c4 bxc4 17. bxc4 N5f6 18. O-O O-O 19. Be3 c5 20. Rfd1 Nxe4 21. Bxe4
Bf6 22. Rac1 cxd4 23. Bxd4 Nc5 24. Qe3 1/2-1/2

[Event "Liga CS Zapad 2017"]
[Site "?"]
[Date "2017.10.13"]
[Round "7.1"]
[White "Mahmutovic, Fadil"]
[Black "Lapcevic, Dragutin"]
[Result "1-0"]
[WhiteElo "2022"]
[BlackElo "1887"]
[PlyCount "117"]
[EventDate "2017.09.03"]

1. e4 c5 2. Nf3 e6 3. d4 cxd4 4. Nxd4 a6 5. Be2 Qc7 6. O-O Nf6 7. Bf3 Nc6 8. c3
Be7 9. Re1 d6 10. Nd2 Bd7 11. Nf1 O-O 12. Ng3 Ne5 13. h3 Nxf3+ 14. Nxf3 Bc6 15.
Qc2 Nd7 16. Bf4 Rad8 17. Nh5 Ne5 18. Nd4 Be8 19. Qe2 Qc4 20. Qe3 Qd3 21. Ng3
Qxe3 22. Bxe3 Nc4 23. Bc1 d5 24. e5 b5 25. b3 Na5 26. Bd2 Nc6 27. Rac1 Bd7 28.
f4 Nxd4 29. cxd4 Rc8 30. Ba5 Ba3 31. Rxc8 Rxc8 32. Re2 b4 33. Bb6 Bb5 34. Rf2
Bc1 35. Nf1 Rc3 36. Bc5 Ba3 37. Kh2 Bd3 38. g4 Bxf1 39. Rxf1 Rc2+ 40. Kg3 Rxa2
41. f5 exf5 42. Rxf5 g6 43. Rf6 Rb2 44. g5 Rxb3+ 45. Kg4 Rb1 46. Rxa6 Rg1+ 47.
Kf3 h5 48. Be7 Rf1+ 49. Ke2 Rf4 50. Ra8+ Kh7 51. Bf6 Rxf6 52. gxf6 Bc1 53. Rf8
g5 54. Rxf7+ Kg6 55. Rg7+ Kh6 56. e6 b3 57. Rb7 Kg6 58. e7 Kf7 59. Rb8 1-0

[Event "Liga CS Zapad 2017"]
[Site "?"]
[Date "2017.10.13"]
[Round "7.1"]
[White "Kostic, Dusan"]
[Black "Bihorac, Nusret**"]
[Result "1-0"]
[WhiteElo "1901"]
[BlackElo "1799"]
[PlyCount "79"]
[EventDate "2017.09.03"]

1. c4 Nf6 2. Nc3 c5 3. g3 g6 4. Bg2 Bg7 5. e3 Nc6 6. Nge2 d6 7. d4 cxd4 8. exd4
O-O 9. O-O Bf5 10. a3 a6 11. b4 Rb8 12. Bb2 Qd7 13. Re1 b5 14. cxb5 axb5 15.
Rc1 Rfc8 16. Qd2 h5 17. f4 Ng4 18. h3 Nf6 19. Kh2 Qa7 20. Nxb5 Rxb5 21. Rxc6
Rxc6 22. Bxc6 Rb6 23. Bg2 Rb8 24. Rc1 Ne4 25. Qe3 d5 26. Bf3 Qd7 27. Bg2 Rb6
28. Nc3 Re6 29. Nxe4 Bxe4 30. Bxe4 Rxe4 31. Qf2 e6 32. Rc2 Qb5 33. Rd2 Bh6 34.
h4 f6 35. Kg2 g5 36. fxg5 fxg5 37. Qf6 Re2+ 38. Rxe2 Qxe2+ 39. Qf2 Qxf2+ 40.
Kxf2 1-0

[Event "Liga CS Zapad 2017"]
[Site "?"]
[Date "2017.10.13"]
[Round "7.1"]
[White "Kalicanin, Milos**"]
[Black "Tomic, Miroslav T"]
[Result "1/2-1/2"]
[WhiteElo "1727"]
[BlackElo "1779"]
[PlyCount "145"]
[EventDate "2017.09.03"]

1. Nf3 c6 2. c4 e6 3. d4 d5 4. cxd5 cxd5 5. Bf4 Bd6 6. Bg3 Nc6 7. e3 a6 8. Nc3
Nf6 9. Bd3 Bxg3 10. hxg3 h6 11. a3 Bd7 12. b4 b5 13. Ne2 O-O 14. Nc1 Ne4 15.
Bxe4 dxe4 16. Nd2 f5 17. Ndb3 Ne7 18. Ne2 Bc6 19. Nf4 Bd5 20. Nxd5 exd5 21. Rc1
Nc8 22. Nc5 Qe7 23. O-O Nb6 24. Rc3 Nc4 25. Qb3 Rfd8 26. Rd1 Kh7 27. Qb1 Rd6
28. Qc1 Rg6 29. Nb3 Qg5 30. Nd2 h5 31. Nxc4 bxc4 32. Rd2 h4 33. Qd1 hxg3 34.
fxg3 Qxg3 35. Qh5+ Kg8 36. Rf2 Rg5 37. Qh2 Qxh2+ 38. Kxh2 g6 39. Rb2 Kf7 40. a4
Rc8 41. b5 axb5 42. axb5 Rb8 43. Ra3 Rh5+ 44. Kg3 Rhh8 45. Ra7+ Kf6 46. Rd7 Ke6
47. Rg7 Kf6 48. Rd7 c3 49. Rc2 Rxb5 50. Rxc3 Re8 51. Rd6+ Re6 52. Rxe6+ Kxe6
53. Rc6+ Kf7 54. Rc7+ Kf6 55. Rc6+ Kg5 56. Rd6 Kh5 57. Kf4 Rb2 58. Rxd5 Rxg2
59. Rd8 Rf2+ 60. Ke5 Rf3 61. Rh8+ Kg5 62. Rh1 Rxe3 63. Rg1+ Kh5 64. Rh1+ Kg4
65. Rg1+ Rg3 66. Re1 g5 67. d5 Rd3 68. Rg1+ Kf3 69. Rf1+ Kg3 70. Rxf5 e3 71.
Rxg5+ Kf2 72. Rh5 e2 73. Rh2+ 1/2-1/2

[Event "Liga CS Zapad 2017"]
[Site "?"]
[Date "2017.10.13"]
[Round "7.2"]
[White "Puric, Momir"]
[Black "Bojanic, Bratislav"]
[Result "0-1"]
[WhiteElo "1860"]
[BlackElo "2233"]
[PlyCount "82"]
[EventDate "2017.09.03"]

1. e4 e5 2. Nf3 Nc6 3. Bc4 Nf6 4. Nc3 Be7 5. O-O O-O 6. d4 exd4 7. Nxd4 Nxd4 8.
Qxd4 d6 9. h3 a6 10. Re1 b5 11. Be2 c5 12. Qd3 Bb7 13. f4 Re8 14. Bf3 c4 15.
Qd4 b4 16. Nd5 Nxd5 17. exd5 Bf6 18. Rxe8+ Qxe8 19. Qf2 Qb5 20. Be3 Bxd5 21.
Bd4 Bxd4 22. Qxd4 Bxf3 23. gxf3 Rd8 24. Kf2 h6 25. Rg1 g6 26. Qf6 Rd7 27. h4
Qd5 28. Rg3 Kh7 29. h5 Qf5 30. Qd4 d5 31. Rg4 Re7 32. Kg3 Qe6 33. Kg2 Qe1 34.
Kh3 Qh1+ 35. Kg3 Qe1+ 36. Kh3 Qe6 37. Kg3 a5 38. b3 Rc7 39. Kg2 cxb3 40. axb3
Rxc2+ 41. Kg3 Qe1+ 0-1

[Event "Liga CS Zapad 2017"]
[Site "?"]
[Date "2017.10.13"]
[Round "7.2"]
[White "Drcelic, Sreten"]
[Black "Percevic, Velimir"]
[Result "1-0"]
[WhiteElo "2230"]
[BlackElo "1822"]
[PlyCount "63"]
[EventDate "2017.09.03"]

1. Nf3 d5 2. d3 Nc6 3. c3 Nf6 4. Nbd2 e5 5. e4 dxe4 6. dxe4 Bg4 7. Qc2 Bd6 8.
Be2 O-O 9. Nc4 Re8 10. Bg5 h6 11. Bh4 g5 12. Bg3 Nh5 13. h4 Nxg3 14. fxg3 Bxf3
15. Bxf3 Kg7 16. O-O-O Qe7 17. Ne3 Qd8 18. Nf5+ Kh7 19. Qd2 Bc5 20. hxg5 Qxd2+
21. Rxd2 Re6 22. Rd7 Ne7 23. Bg4 Rf8 24. b4 Bd6 25. Nxd6 Rxd6 26. Rxe7 Rd3 27.
Bf5+ Kg8 28. Kc2 Rxg3 29. gxh6 Rxg2+ 30. Kb3 a5 31. bxa5 Ra8 32. Rxc7 1-0

[Event "Liga CS Zapad 2017"]
[Site "?"]
[Date "2017.10.13"]
[Round "7.2"]
[White "Rajic, Milovan"]
[Black "Novakovic, Miroslav"]
[Result "0-1"]
[WhiteElo "1745"]
[BlackElo "2030"]
[PlyCount "66"]
[EventDate "2017.09.03"]

1. d4 d5 2. c4 c6 3. e3 Nf6 4. Nc3 e6 5. Nf3 Nbd7 6. Bd3 dxc4 7. Bxc4 b5 8. Bb3
a6 9. a3 Bb7 10. O-O c5 11. dxc5 Nxc5 12. Bc2 Nfe4 13. Ne2 Qf6 14. Qd4 Be7 15.
Qxf6 Bxf6 16. Rb1 Rc8 17. b4 Nd7 18. Bd3 O-O 19. Nfd4 Nb6 20. f3 Nd6 21. Nb3
Na4 22. Rd1 Nc4 23. Kf2 Ne5 24. Nbd4 Nxd3+ 25. Rxd3 Rfd8 26. Rd2 Kf8 27. Nb3
Bd5 28. Na5 Ke8 29. e4 Bc4 30. Nxc4 Rxc4 31. Rxd8+ Bxd8 32. Be3 Rc2 33. Ke1
Rxe2+ 0-1

[Event "Liga CS Zapad 2017"]
[Site "?"]
[Date "2017.10.13"]
[Round "7.2"]
[White "Drcelic, Dejan**"]
[Black "Zaric, Slavoljub"]
[Result "1/2-1/2"]
[WhiteElo "1834"]
[BlackElo "1607"]
[PlyCount "32"]
[EventDate "2017.09.03"]

1. e4 e5 2. Nf3 Nc6 3. d3 h6 4. Nbd2 Bc5 5. Nc4 Qf6 6. Be3 Bb6 7. Nxb6 axb6 8.
d4 exd4 9. Nxd4 Nge7 10. Bb5 O-O 11. O-O Ra5 12. c3 Ng6 13. b4 Ra8 14. g3 Re8
15. f3 Nb8 16. Nf5 Ne5 1/2-1/2

[Event "Liga CS Zapad 2017"]
[Site "?"]
[Date "2017.10.13"]
[Round "7.2"]
[White "Rasic, Milan**"]
[Black "Cvijovic, Miroslav"]
[Result "0-1"]
[WhiteElo "1654"]
[BlackElo "1893"]
[PlyCount "71"]
[EventDate "2017.09.03"]

1. d4 d5 2. c4 c6 3. Nc3 dxc4 4. e4 b5 5. a4 b4 6. Na2 a5 7. Bxc4 Nf6 8. Qd3
Ba6 9. Bxa6 Nxa6 10. Nf3 Qb6 11. h3 b3 12. Nc3 Nb4 13. Qc4 Nc2+ 14. Kf1 Nxa1
15. Ne5 Qa6 16. Nb5 cxb5 17. Qxf7+ Kd8 18. d5 Rc8 19. Be3 Qd6 20. Bf4 Rc1+ 21.
Ke2 Rc2+ 22. Kf3 Qb4 23. Nc6+ Rxc6 24. dxc6 Qxe4+ 25. Kg3 Qg6+ 26. Qxg6 hxg6
27. axb5 Nh5+ 28. Kf3 Nxf4 29. Kxf4 e5+ 30. Ke4 Nc2 31. Rd1+ Nd4 32. Kxe5 Bc5
33. Kd5 Bb6 34. Kc4 Rh5 35. g4 Rc5+ 36. Kd3 0-1

[Event "Liga CS Zapad 2017"]
[Site "?"]
[Date "2017.10.13"]
[Round "7.2"]
[White "Kotlaja, Nikola**"]
[Black "Jovanovic, Ivan M"]
[Result "1-0"]
[WhiteElo "1664"]
[BlackElo "1652"]
[PlyCount "45"]
[EventDate "2017.09.03"]

1. c4 Nf6 2. d4 g6 3. Nc3 Bg7 4. e4 d6 5. h3 O-O 6. Be3 e5 7. d5 Nbd7 8. Bd3 c6
9. Qd2 Re8 10. Bg5 Qc7 11. Rc1 Nc5 12. b4 Nxd3+ 13. Qxd3 Bd7 14. Nge2 cxd5 15.
Bxf6 Bxf6 16. Nxd5 Qd8 17. Nxf6+ Qxf6 18. c5 Rad8 19. O-O dxc5 20. bxc5 Qg5 21.
Nc3 a6 22. Rfd1 Bg4 23. Qg3 1-0

[Event "Liga CS Zapad 2017"]
[Site "?"]
[Date "2017.10.13"]
[Round "7.3"]
[White "Andric, Zoran B"]
[Black "Rajic, Vladimir"]
[Result "0-1"]
[WhiteElo "2237"]
[BlackElo "2052"]
[PlyCount "50"]
[EventDate "2017.09.03"]

1. d4 d5 2. Nf3 Nf6 3. Bf4 e6 4. e3 Nbd7 5. Bd3 c5 6. c3 Be7 7. h3 O-O 8. Nbd2
Qb6 9. Rb1 Bd6 10. Ne5 Qc7 11. Ndf3 Ne4 12. O-O f6 13. Nxd7 Bxd7 14. Bxd6 Nxd6
15. Re1 Rac8 16. Rc1 Be8 17. e4 dxe4 18. Bxe4 Nxe4 19. Rxe4 Bf7 20. Re1 Rfd8
21. a3 e5 22. Qd2 Qb6 23. b4 cxb4 24. cxb4 Rxc1 25. Rxc1 Bd5 0-1

[Event "Liga CS Zapad 2017"]
[Site "?"]
[Date "2017.10.13"]
[Round "7.3"]
[White "Milinkovic, Dragan"]
[Black "Jovic, Miodrag"]
[Result "1-0"]
[WhiteElo "2061"]
[BlackElo "2124"]
[PlyCount "103"]
[EventDate "2017.09.03"]

1. Nf3 d5 2. g3 Nf6 3. Bg2 Bf5 4. d3 e6 5. O-O Bc5 6. Nbd2 O-O 7. Nh4 Bg4 8. h3
Bh5 9. Ndf3 c6 10. g4 Bg6 11. Bg5 Nbd7 12. Nxg6 fxg6 13. d4 Bd6 14. Qd3 Qb6 15.
Rab1 Rae8 16. Be3 Bb8 17. Rfd1 Qc7 18. b4 Ne4 19. c4 a6 20. Rdc1 Qd6 21. a4 h5
22. b5 axb5 23. axb5 hxg4 24. hxg4 Nef6 25. Qxg6 dxc4 26. Rxc4 Nd5 27. bxc6
bxc6 28. Rbc1 Ne7 29. Qh5 Nf6 30. Qh3 Rc8 31. Ne5 Nfd5 32. Bd2 Nf4 33. Bxf4
Rxf4 34. e3 Rff8 35. Be4 Rf6 36. Qh7+ Kf8 37. g5 Rf5 38. f4 Qa3 39. R4c3 Qa6
40. Qh8+ Ng8 41. R1c2 Bxe5 42. dxe5 Qa1+ 43. Kg2 Qa4 44. Kf3 Qb5 45. Rc1 Qxe5
46. Rxc6 Rxc6 47. Rxc6 Qa1 48. Rc8+ Ke7 49. Rxg8 Qf1+ 50. Kg3 Qg1+ 51. Kh4 Qh2+
52. Kg4 1-0

[Event "Liga CS Zapad 2017"]
[Site "?"]
[Date "2017.10.13"]
[Round "7.3"]
[White "Obradovic, Vasilije"]
[Black "Gazivoda, Slobodan M"]
[Result "1-0"]
[WhiteElo "2087"]
[BlackElo "2080"]
[PlyCount "99"]
[EventDate "2017.09.03"]

1. d4 Nf6 2. Nf3 g6 3. Bg5 Bg7 4. Nbd2 d5 5. e3 O-O 6. Bd3 Bg4 7. Bxf6 Bxf6 8.
c3 Nc6 9. h3 Bxf3 10. Nxf3 e5 11. dxe5 Nxe5 12. Nxe5 Bxe5 13. h4 Re8 14. h5 Qf6
15. Qc2 d4 16. cxd4 Bxd4 17. O-O-O Re6 18. Bc4 Rc6 19. Rxd4 b5 20. Rf4 Qxf4 21.
exf4 Rxc4 22. Qxc4 bxc4 23. hxg6 hxg6 24. Re1 Kg7 25. Kc2 Kf6 26. Re5 Rh8 27.
g4 Rh2 28. g5+ Kg7 29. Re2 Rh4 30. Re4 Rh2 31. Rxc4 Rxf2+ 32. Kb3 Kf8 33. Rxc7
Rxf4 34. Rxa7 Rf5 35. a4 Ke8 36. a5 Kd8 37. Ka4 Kc8 38. b4 Kb8 39. Re7 Rxg5 40.
Rxf7 Re5 41. a6 g5 42. Rg7 Rf5 43. b5 g4 44. b6 Rf4+ 45. Kb5 Rf5+ 46. Kc4 Rf4+
47. Kd5 Rf5+ 48. Ke6 Rf8 49. Rxg4 Rh8 50. Kf7 1-0

[Event "Liga CS Zapad 2017"]
[Site "?"]
[Date "2017.10.13"]
[Round "7.3"]
[White "Alempijevic, Andrija"]
[Black "Tadic, Radovan"]
[Result "1/2-1/2"]
[WhiteElo "2017"]
[BlackElo "2009"]
[PlyCount "129"]
[EventDate "2017.09.03"]

1. c4 e5 2. e3 Nc6 3. Nc3 Nf6 4. d4 exd4 5. exd4 d5 6. Nf3 Be7 7. cxd5 Nxd5 8.
h3 O-O 9. Bd3 Bf6 10. O-O Be6 11. Bb1 Re8 12. Ne4 Be7 13. Neg5 Bxg5 14. Bxg5
Qd6 15. Qe2 g6 16. Qd2 Qb4 17. a3 Qxd2 18. Bxd2 Rad8 19. Bc2 f6 20. Rac1 Nce7
21. Rfe1 Kf7 22. Ba5 Rd7 23. Bb1 c6 24. Bd2 Nf5 25. g4 Nd6 26. Kh2 Kg7 27. g5
f5 28. Ne5 Rde7 29. f4 Nb5 30. Nf3 Bf7 31. Re5 Nd6 32. Rce1 Nc4 33. Rxe7 Rxe7
34. Rxe7 Nxe7 35. Bc1 Nd5 36. Ne5 Nd6 37. Kg3 Be6 38. h4 Nb5 39. Bd3 Nxd4 40.
Nf3 Nb3 41. Bd2 Nxd2 42. Nxd2 Nb6 43. b3 Bd5 44. Kf2 Kf7 45. h5 Ke6 46. hxg6
hxg6 47. Ke3 Kd6 48. Kd4 c5+ 49. Ke3 Ke6 50. Bc4 Nxc4+ 51. bxc4 Bc6 52. Nb3 Kd6
53. Nc1 Be4 54. Kd2 a6 55. a4 b6 56. Kc3 Bc6 57. Kb3 b5 58. axb5 axb5 59. Nd3
bxc4+ 60. Kxc4 Bd5+ 61. Kc3 Bf3 62. Ne5 Bh5 63. Kc4 Be2+ 64. Kc3 Bh5 65. Kc4
1/2-1/2

[Event "Liga CS Zapad 2017"]
[Site "?"]
[Date "2017.10.13"]
[Round "7.4"]
[White "Djokic, Slavoljub"]
[Black "Kurcubic, Aleksandar"]
[Result "0-1"]
[WhiteElo "2108"]
[BlackElo "2273"]
[PlyCount "100"]
[EventDate "2017.09.03"]

1. c4 Nf6 2. Nf3 e6 3. g3 b6 4. Bg2 Bb7 5. O-O c5 6. Nc3 Be7 7. d4 d5 8. cxd5
exd5 9. dxc5 bxc5 10. Ne5 O-O 11. Qb3 Qc7 12. Bf4 Qc8 13. Nxd5 Nxd5 14. Bxd5
Bxd5 15. Qxd5 Na6 16. a3 Nc7 17. Qc6 Ne6 18. Rac1 Nd4 19. Qe4 Qe6 20. Rce1 g5
21. Bc1 f5 22. Qe3 Nc2 23. Qc3 Nxe1 24. Rxe1 Bf6 25. Qc4 Qxc4 26. Nxc4 Rfd8 27.
e3 Rd3 28. Kf1 Rad8 29. Ke2 Kf7 30. h3 h6 31. f3 Ke6 32. g4 R3d7 33. gxf5+ Kxf5
34. e4+ Ke6 35. Be3 Bd4 36. Rc1 Bxe3 37. Kxe3 Rd1 38. Rc2 Re1+ 39. Kf2 Rdd1 40.
Ne3 Rc1 41. Rd2 Rh1 42. Kg3 Rcg1+ 43. Ng2 h5 44. Rd5 Kf6 45. Rf5+ Kg6 46. Rxc5
h4+ 47. Kf2 Rb1 48. Rc6+ Kh5 49. Rc2 Rxh3 50. f4 Rh2 0-1

[Event "Liga CS Zapad 2017"]
[Site "?"]
[Date "2017.10.13"]
[Round "7.4"]
[White "Marinkovic, Zoran"]
[Black "Zivanovic, Blagoje*"]
[Result "1-0"]
[WhiteElo "2245"]
[BlackElo "2050"]
[PlyCount "91"]
[EventDate "2017.09.03"]

1. e4 e5 2. Nf3 Nf6 3. d4 Nxe4 4. Bd3 d5 5. Nxe5 Nd7 6. Nxd7 Bxd7 7. O-O Be7 8.
c4 Nf6 9. Nc3 Bc6 10. c5 O-O 11. Re1 a5 12. Bf4 b6 13. cxb6 cxb6 14. Rc1 Qd7
15. Qb3 Nh5 16. Be5 f6 17. Bc7 Bd8 18. Bxd8 Rfxd8 19. g3 Rab8 20. Re3 f5 21.
Rce1 f4 22. Re7 Qg4 23. Qc2 g6 24. f3 Qg5 25. R1e5 Qh6 26. g4 Ng7 27. Rc7 Rd6
28. Qe2 Re8 29. Ree7 Re6 30. Rxg7+ Qxg7 31. Rxg7+ Kxg7 32. Qd2 Re3 33. Kf2 g5
34. Qc2 Bb7 35. Bb5 R8e7 36. Qf5 h6 37. Bd3 R3e6 38. Nxd5 Bxd5 39. Qxd5 Rf6 40.
Bc4 Rf8 41. Qd6 Rfe8 42. Bd3 Re6 43. Qd5 R8e7 44. Be4 Kf6 45. Qf5+ Kg7 46. Qh7+
1-0

[Event "Liga CS Zapad 2017"]
[Site "?"]
[Date "2017.10.13"]
[Round "7.4"]
[White "Urosevic, Marija*"]
[Black "Vasilic, Mihailo"]
[Result "1-0"]
[WhiteElo "2030"]
[BlackElo "2030"]
[PlyCount "51"]
[EventDate "2017.09.03"]

1. d4 d5 2. Nf3 Nf6 3. c4 c6 4. Nc3 g6 5. Bg5 Bg7 6. e3 O-O 7. Bd3 Re8 8. h3
Nbd7 9. cxd5 Nxd5 10. Nxd5 cxd5 11. O-O a6 12. Qb3 Nf8 13. Rac1 Bf6 14. Bf4 e6
15. Rc2 Be7 16. Bc7 Qxc7 17. Rxc7 Bd6 18. Rc2 b5 19. e4 Bb7 20. e5 Be7 21. Nh2
h5 22. g4 hxg4 23. Nxg4 Rac8 24. f4 Rxc2 25. Bxc2 Rc8 26. f5 1-0

[Event "Liga CS Zapad 2017"]
[Site "?"]
[Date "2017.10.13"]
[Round "7.4"]
[White "Lazovic, Blagoje"]
[Black "Zajic, Milun*"]
[Result "0-1"]
[WhiteElo "1956"]
[BlackElo "2029"]
[PlyCount "91"]
[EventDate "2017.09.03"]

1. d4 Nf6 2. Nf3 e6 3. c4 Bb4+ 4. Bd2 Be7 5. Nc3 d5 6. Qc2 O-O 7. Rc1 b6 8.
cxd5 exd5 9. e3 c6 10. h3 Nbd7 11. Bd3 Bb7 12. O-O Bd6 13. Rfe1 Rc8 14. e4 dxe4
15. Nxe4 Bb8 16. Bg5 h6 17. Bh4 Bf4 18. Rcd1 g5 19. Bg3 Bxg3 20. fxg3 Nxe4 21.
Bxe4 Nf6 22. Bf5 Rc7 23. b4 Qd6 24. Ne5 Bc8 25. a3 Nd5 26. h4 Ne7 27. Bxc8
Rfxc8 28. Qb3 Nd5 29. Qf3 Kg7 30. Qf5 Qf6 31. Qxf6+ Kxf6 32. Kf2 Kg7 33. Rd3 f6
34. Nc4 Rd8 35. hxg5 hxg5 36. Rf3 Re7 37. Rd1 Re4 38. Rfd3 Rde8 39. Nd6 Re2+
40. Kf3 R8e3+ 41. Kg4 Re6 42. Nc4 b5 43. Na5 Ne3+ 44. Rxe3 R2xe3 45. d5 R6e4+
46. Kh3 0-1

[Event "Liga CS Zapad 2017"]
[Site "?"]
[Date "2017.10.13"]
[Round "7.4"]
[White "Urosevic, Miroljub"]
[Black "Zecevic, Igor*"]
[Result "1-0"]
[WhiteElo "2088"]
[BlackElo "1986"]
[PlyCount "66"]
[EventDate "2017.09.03"]

1. d4 Nf6 2. c4 c5 3. d5 b5 4. cxb5 a6 5. b6 d6 6. Nc3 g6 7. a4 Qxb6 8. a5 Qc7
9. e4 Bg7 10. Bc4 O-O 11. Qd3 e6 12. dxe6 Bxe6 13. Bxe6 fxe6 14. Bf4 e5 15. Bg5
Nc6 16. Nge2 Rab8 17. O-O Nd4 18. Qc4+ Qf7 19. Qxa6 Rxb2 20. Bxf6 Bxf6 21. Rfb1
Nxe2+ 22. Nxe2 Rxb1+ 23. Rxb1 Qa2 24. Nc3 Qd2 25. Qc4+ Kh8 26. a6 Bh4 27. f3
Rxf3 28. a7 Rf8 29. Rf1 Bf2+ 30. Kh1 Ra8 31. Qb5 Qxc3 32. Qb8+ Kg7 33. Qxa8 Qd3
1-0

[Event "Liga CS Zapad 2017"]
[Site "?"]
[Date "2017.10.13"]
[Round "7.4"]
[White "Djokic, Miljko**"]
[Black "Jovanovic, Zoran B"]
[Result "1/2-1/2"]
[WhiteElo "1936"]
[BlackElo "2047"]
[PlyCount "68"]
[EventDate "2017.09.03"]

1. e4 c5 2. Nf3 Nc6 3. d4 cxd4 4. Nxd4 d6 5. g3 Nf6 6. Bg2 Bd7 7. O-O g6 8. Be3
Bg7 9. Nc3 O-O 10. Qd2 Re8 11. h3 Qc8 12. Kh2 Ne5 13. b3 Nc6 14. Nce2 Nxd4 15.
Bxd4 Bc6 16. Qd3 b6 17. c4 Qb7 18. Nc3 Rad8 19. Rad1 e6 20. Qc2 Rd7 21. Rd2
Red8 22. Rfd1 Ne8 23. Bxg7 Kxg7 24. f4 h5 25. f5 e5 26. Nd5 Bxd5 27. exd5 Nf6
28. Rf1 g5 29. Re2 Rg8 30. Qd2 Kf8 31. Qb4 Kg7 32. Qd2 Kf8 33. h4 Ng4+ 34. Kh1
f6 1/2-1/2

[Event "Liga CS Zapad 2017"]
[Site "?"]
[Date "2017.10.13"]
[Round "7.4"]
[White "Colic, Aleksandar"]
[Black "Vuckovic, Lidija*"]
[Result "1/2-1/2"]
[WhiteElo "1880"]
[BlackElo "1818"]
[PlyCount "39"]
[EventDate "2017.09.03"]

1. d4 Nf6 2. c4 c5 3. d5 e6 4. Nc3 exd5 5. cxd5 d6 6. e4 g6 7. Nf3 Bg7 8. Be2
O-O 9. O-O Bg4 10. Nd2 Bxe2 11. Qxe2 a6 12. a4 Nbd7 13. a5 Ne8 14. Nc4 b5 15.
axb6 Nxb6 16. Na5 Nc7 17. Bf4 Re8 18. Qd3 Qd7 19. Nc6 c4 20. Qc2 1/2-1/2

[Event "Liga CS Zapad 2017"]
[Site "?"]
[Date "2017.10.13"]
[Round "7.4"]
[White "Vuckovic, Danilo*"]
[Black "Ackovic, Nemanja**"]
[Result "1/2-1/2"]
[WhiteElo "1754"]
[BlackElo "1758"]
[PlyCount "42"]
[EventDate "2017.09.03"]

1. d4 Nf6 2. c4 e6 3. Nc3 Bb4 4. Bd2 c5 5. dxc5 Bxc5 6. Nf3 d5 7. e3 Nc6 8.
cxd5 Nxd5 9. Bc4 Nxc3 10. Bxc3 Qxd1+ 11. Rxd1 Bb4 12. Bxb4 Nxb4 13. a3 Nc6 14.
O-O O-O 15. Rd6 a6 16. b4 g6 17. Rfd1 Kg7 18. Bb3 e5 19. Bd5 Bg4 20. h3 Bxf3
21. Bxf3 Rac8 1/2-1/2

[Event "Liga CS Zapad 2017"]
[Site "?"]
[Date "2017.10.13"]
[Round "7.5"]
[White "Kurcubic, Jelenko"]
[Black "Suljovic, Sulejman"]
[Result "0-1"]
[WhiteElo "2210"]
[BlackElo "2214"]
[PlyCount "74"]
[EventDate "2017.09.03"]

1. Nf3 e6 2. d4 f5 3. d5 Be7 4. dxe6 dxe6 5. Qxd8+ Bxd8 6. Nc3 Nf6 7. e4 Nxe4
8. Nxe4 fxe4 9. Ng5 Bxg5 10. Bxg5 Nd7 11. Bc4 Nb6 12. Bb3 Bd7 13. O-O-O c5 14.
c4 O-O 15. Be3 Rac8 16. Rd6 Rc7 17. Rhd1 Rf7 18. Kc2 h6 19. Kc3 Nc8 20. R6d2 b6
21. Bc2 Bc6 22. g3 e5 23. h4 Ne7 24. g4 Ng6 25. Rd6 Nf4 26. R1d2 Rfe7 27. g5
hxg5 28. hxg5 Ne6 29. g6 Re8 30. Bd1 Nd4 31. Bg4 Kf8 32. f4 exf3 33. Bg5 Be4
34. Rh2 Kg8 35. Kd2 Bf5 36. Rxd4 exd4 37. Bxf5 Re5 0-1

[Event "Liga CS Zapad 2017"]
[Site "?"]
[Date "2017.10.13"]
[Round "7.5"]
[White "Matovic, Mihailo"]
[Black "Rizvanovic, Ibrahim"]
[Result "0-1"]
[WhiteElo "1884"]
[BlackElo "2145"]
[PlyCount "71"]
[EventDate "2017.09.03"]

1. d4 Nf6 2. Nf3 e6 3. Bg5 d5 4. e3 h6 5. Bh4 c5 6. c3 Nbd7 7. Nbd2 Qb6 8. Qc2
Bd6 9. Be2 O-O 10. Bg3 Re8 11. dxc5 Nxc5 12. Bxd6 Qxd6 13. Rd1 Bd7 14. h3 Rac8
15. Qb1 Qb6 16. O-O Bb5 17. Bxb5 Qxb5 18. Nd4 Qd7 19. Rfe1 a6 20. N2f3 Qc7 21.
Rc1 b5 22. Nb3 Nce4 23. Nbd2 Nd6 24. Rcd1 Nfe4 25. Nxe4 Nxe4 26. Nd2 Nc5 27.
Nb3 Ne4 28. Rd3 Qb6 29. Nd2 Nc5 30. Rd4 Red8 31. Rd1 e5 32. Rg4 e4 33. Nb3 Nxb3
34. axb3 f5 35. Rg3 b4 36. c4 0-1

[Event "Liga CS Zapad 2017"]
[Site "?"]
[Date "2017.10.13"]
[Round "7.5"]
[White "Ikic, Alija"]
[Black "Jokic, Zoran"]
[Result "1/2-1/2"]
[WhiteElo "2164"]
[BlackElo "1725"]
[PlyCount "165"]
[EventDate "2017.09.03"]

1. Nf3 d5 2. c4 e6 3. g3 Nf6 4. Bg2 g6 5. O-O Bg7 6. d3 O-O 7. Nc3 Nbd7 8. Bg5
h6 9. Bd2 c6 10. Rc1 Re8 11. b4 e5 12. cxd5 cxd5 13. Nb5 Re7 14. Nd6 Nb6 15.
Nxc8 Rxc8 16. Qb3 d4 17. Nh4 Kh7 18. a4 Rcc7 19. Rxc7 Rxc7 20. Rc1 Rxc1+ 21.
Bxc1 Qc7 22. Bd2 Qd7 23. a5 Nbd5 24. Nf3 Qd6 25. Qc4 b6 26. axb6 axb6 27. Ne1
Bf8 28. Nc2 Kg7 29. h3 Qd7 30. f4 b5 31. Qb3 exf4 32. gxf4 Nc7 33. Qb2 Ne6 34.
Qc1 Kh7 35. Ne1 Ng7 36. Nf3 Nf5 37. Ne5 Qe6 38. Qc6 Nd6 39. Qc1 Nf5 40. Qc6 Nd6
41. Qa8 Kg7 42. Qa6 Qb3 43. Kf2 Qd1 44. Qa2 Qa4 45. Qb2 Qd1 46. Ng4 Be7 47. Qc1
Qxc1 48. Bxc1 Nf5 49. Bd2 Ne8 50. Bc6 Ned6 51. Ne5 Bh4+ 52. Kf3 Bd8 53. Bd5
Nh4+ 54. Kf2 Nhf5 55. Nf3 Bb6 56. Ne5 Bd8 57. Nc6 Bb6 58. Ne5 Bd8 59. Nc6 Bb6
60. Ne5 Bd8 61. Nd7 Bh4+ 62. Kf3 Be7 63. Nc5 Bd8 64. Ne4 Bb6 65. Bc6 Kf8 66.
Nxd6 Nxd6 67. h4 f5 68. e3 dxe3 69. Bxe3 Bc7 70. Bc5 Kf7 71. Ke3 Ke6 72. Kf3
Kf6 73. Bf2 g5 74. hxg5+ hxg5 75. fxg5+ Kxg5 76. Bg3 Kf6 77. Bf4 Ke6 78. Ke3
Bb6+ 79. Kd2 Bc7 80. Kc3 Ne4+ 81. dxe4 Bxf4 82. exf5+ Kxf5 83. Bxb5 1/2-1/2